书目信息 |
| 题名: |
企业安全生产监督管理
|
|
| 作者: | 徐明 , 师祥洪 , 王来忠 编著 | |
| 分册: | ||
| 出版信息: | 北京 中国石化出版社 2004 |
|
| 页数: | 308页 | |
| 开本: | 29cm | |
| 丛书名: | ||
| 单 册: | ||
| 中图分类: | X931 | |
| 科图分类: | ||
| 主题词: | 企业管理--安全生产--监督管理--中国--教材 , 企业管理 , 安全生产 , 监督管理 | |
| 电子资源: | ||
| ISBN: | 7-80164-596-0 | |
| 000 | 01054nam0 2200313 450 | |
| 001 | 200805000207 | |
| 005 | 20060105142422.0 | |
| 010 | @a7-80164-596-0@dCNY48.00 | |
| 035 | @a002799268 | |
| 100 | @a20050124e20052004em y0chiy0110 ea | |
| 101 | 0 | @achi |
| 102 | @aCN@b110000 | |
| 105 | @ay z 000yy | |
| 106 | @ar | |
| 200 | 1 | @a企业安全生产监督管理@Aqi ye an quan sheng chan jian du guan li@f徐明,师祥洪,王来忠编著 |
| 210 | @a北京@c中国石化出版社@d2004@h2005重印 | |
| 215 | @a308页@d29cm | |
| 300 | @a安全管理培训教材 | |
| 330 | @a本书介绍我国安全生产的方针政策及法律法规,企业安全生产管理,企业安全技术,职业卫生与劳动保护,工伤保险与赔付,企业安全文化建设,安全环境健康(HSE)管理体系等内容。 | |
| 606 | 0 | @a企业管理@x安全生产@x监督管理@y中国@j教材 |
| 606 | 0 | @a企业管理 |
| 606 | 0 | @a安全生产 |
| 606 | 0 | @a监督管理 |
| 690 | @aX931@v4 | |
| 701 | 0 | @a徐明@Axu ming@c(安全生产)@4编著 |
| 701 | 0 | @a师祥洪@Ashi xiang hong@4编著 |
| 701 | 0 | @a王来忠@Awang lai zhong@4编著 |
| 801 | 0 | @aCN@c20060106 |
| 905 | @b20653785-86@dX931@eX762 | |
| 企业安全生产监督管理/徐明,师祥洪,王来忠编著.-北京:中国石化出版社,2004(2005重印) |
| 308页;29cm |
| 安全管理培训教材 |
| ISBN 7-80164-596-0:CNY48.00 |
| 本书介绍我国安全生产的方针政策及法律法规,企业安全生产管理,企业安全技术,职业卫生与劳动保护,工伤保险与赔付,企业安全文化建设,安全环境健康(HSE)管理体系等内容。 |
| ● |
| 相关链接 |
|
|
|
正题名:企业安全生产监督管理
索取号:X931/X762
 
预约/预借
| 序号 | 登录号 | 条形码 | 馆藏地/架位号 | 状态 | 备注 |
| 1 | 653785 | 206537853 | 市政与环境工程学院资料室/501自科库 122排1列4层/ [索取号:X931/X762] | 在馆 | |
| 2 | 653786 | 206537862 | 自科库501/501自科库 122排1列4层/ [索取号:X931/X762] | 在馆 |